London Overground Stations with SVG Map! - Statistics

General Stats
  • This quiz has been taken 3,216 times
    1,727 since last reset
  • The average score is 61 of 113
Answers on the Map
Answers color-coded by a green-red scale on the quiz's map according to % correct below.
 
Answer Stats
Station % Correct
Clapham Junction
78%
Euston
75%
Watford Junction
75%
Richmond
74%
Willesden Junction
74%
Liverpool Street
73%
New Cross
72%
Kew Gardens
71%
Highbury & Islington
70%
Stratford
70%
Barking
69%
Gospel Oak
69%
West Croydon
69%
Hackney Wick
66%
New Cross Gate
66%
Crystal Palace
65%
Gunnersbury
65%
Romford
65%
Hackney Central
64%
Imperial Wharf
64%
Barking Riverside
63%
Canada Water
63%
Dalston Junction
63%
Harrow & Wealdstone
63%
Upminster
63%
Hackney Downs
62%
Queen's Park
62%
Watford High Street
62%
Wembley Central
62%
Kensington (Olympia)
61%
Shoreditch High Street
61%
Stonebridge Park
61%
Hoxton
60%
Kensal Green
60%
Kensal Rise
60%
Canonbury
59%
Dalston Kingsland
59%
Harlesden
59%
Homerton
59%
Kenton
59%
Bushey
58%
Enfield Town
58%
Shepherd's Bush
58%
South Acton
58%
South Hampstead
58%
South Kenton
58%
West Brompton
58%
Whitechapel
58%
Acton Central
57%
Denmark Hill
57%
Hampstead Heath
57%
London Fields
57%
North Wembley
57%
Surrey Quays
57%
West Hampstead
57%
Bethnal Green
56%
Emerson Park
56%
Haggerston
56%
Peckham Rye
56%
Camden Road
55%
Shadwell
55%
Wapping
55%
Brondesbury
54%
Chingford
54%
Rotherhithe
54%
Walthamstow Central
54%
Kentish Town West
53%
South Tottenham
53%
Cambridge Heath
52%
Clapham High Street
52%
Finchley Road & Frognal
52%
Kilburn High Road
52%
Queens Road Peckham
52%
Brondesbury Park
51%
Battersea Park
50%
Cheshunt
50%
Blackhorse Road
49%
Caledonian Road & Barnsbury
49%
Norwood Junction
49%
Hatch End
48%
Walthamstow Queen's Road
48%
Carpenders Park
47%
Upper Holloway
47%
Wandsworth Road
47%
Harringay Green Lanes
46%
Leyton Midland Road
46%
Leytonstone High Road
46%
Seven Sisters
46%
Sydenham
46%
Anerley
45%
Crouch Hill
45%
Turkey Street
45%
Brockley
43%
Headstone Lane
43%
Honor Oak Park
43%
Penge West
43%
Wanstead Park
43%
Forest Hill
42%
Stoke Newington
42%
White Hart Lane
40%
Clapton
39%
Silver Street
38%
Woodgrange Park
37%
Rectory Road
36%
Theobalds Grove
36%
Bruce Grove
35%
Edmonton Green
35%
Bush Hill Park
33%
St. James Street
33%
Stamford Hill
31%
Southbury
30%
Wood Street
30%
Highams Park
27%
No matching quizzes found
Score Distribution
Percent of People with Each Score
Percentile by Number Answered
Your Score History
You have not taken this quiz since the last reset